Géographie de l'Europe par lettre - L - Statistiques

Statistiques générales
  • Ce quiz a été pris 390 fois
  • Le résultat moyen est 12 sur 20
Statistiques - réponses
Indice Réponse % Correct
Capitale britannique Londres
100%
Capitale portugaise Lisbonne
93%
Célèbre musée parisien Louvre
92%
Grand lac partagé entre la Suisse et la France Léman
90%
Pays balte, sa capitale est Riga Lettonie
90%
Plus long fleuve intégralement français Loire
89%
Petit pays du Benelux, seul grand-duché au monde Luxembourg
86%
Région des Samis, résidence traditionnelle du père Noël Laponie
83%
Lieu de pèlerinage du sud de la France Lourdes
82%
Région du nord de l'Italie, sa capitale est Milan Lombardie
74%
Ville du canton de Vaud, deuxième plus peuplée autour du dit lac Lausanne
61%
Golfe méditerranéen entre l'est de la Catalogne et Toulon Golfe du {Lion}
51%
Île de la mer Égée, où vécu Sappho Lesbos
44%
Région historique et culturelle du sud de la France Languedoc
38%
Nom antique du Portugal Lusitanie
37%
Région de Rome Latium
34%
Quatrième plus grande ville de Pologne Łódż
28%
Lac écossais et whisky favori du capitaine Haddock Loch {Lomond}
15%
Provinces homonymes du sud des Pays-Bas et de l'est de la Belgique Limbourg
13%
Fleuve catalan coulant à Barcelone Llobregat
6%
Aucun quiz correspondant
Distribution des résultats
% des personnes avec chaque résultat
Percentile par nombre de réponses
Votre historique - résultats
Vous n’avez pas pris ce quiz